Jacint Verdaguer / Joan Maragall : joc de miralls / joc de miralls /
ISBN:
84-8437-396-7
Descripción Física:
2 v., 170, 158 p. : il. algunes col. ; 28 cm
MARC
| LEADER | 00000nam a2200000Ia 4500 | ||
|---|---|---|---|
| 001 | 16707, 16708 | ||
| 008 | 160829s2002 xx 000 0 cat d | ||
| 020 | |a 84-8437-396-7 (o.c.) | ||
| 080 | |a L-1-323, L-1-324 | ||
| 100 | 1 | |a Verdaguer, Jacint, |d 1845-1902 |9 28800 | |
| 245 | |a Jacint Verdaguer / Joan Maragall : |b joc de miralls / |c pròleg i tria de textos a cura d'Isidor Cònsul | ||
| 260 | |a Barcelona : |b ECSA : |b Institut d'Edicions de la Diputació de Barcelona, |c 2002 | ||
| 300 | |a 2 v., 170, 158 p. : |b il. algunes col. ; |c 28 cm | ||
| 590 | |a Conté: 1: Jacint Verdaguer, 2: Joan Maragall | ||
| 650 | |a Literatura catalana |x S. XIX-XX |9 28801 | ||
| 650 | |a Literatura catalana |x S. XIX-XX |x Antologies |9 28802 | ||
| 700 | 1 | |a Cònsul, Isidor, |d 1948-2009 |e editor literari, autor del pròleg |9 43872 | |
| 700 | |a Maragall, Joan, |d 1860-1911 |e autor |9 25778 | ||
| 901 | |a Arxiu | ||
| 942 | |n 1 |2 udc | ||
| 952 | |0 0 |1 0 |4 0 |6 L1323_L1324 |7 1 |9 44942 |a Arxiu |b Arxiu |d 2016-12-01 |l 0 |o L-1-323, L-1-324 |p 16707, 16708 |r 2016-12-01 00:00:00 |w 2016-12-01 |y ARXIU | ||
| 999 | |c 47541 |d 47541 | ||